000 00552nam a2200169 a 4500
020 _a1561343102 :
040 _cOCl
082 0 0 _a005 BRO 1996 A007 Or.
100 1 _aHigginbotham, Timothy E.
245 1 3 _aAn activities approach to Microsoft Works for teachers :
_bMacintosh version /
246 3 0 _aMicrosoft Works for teachers
260 _aMadison, Wis. :
_bBrown & Benchmark,
_cc1996.
300 _avi, 458 p. :
_bill. ;
_c24 cm. +
_e1 computer disk (3 1/2 in.).
650 0 _aIntegrated software.
650 0 _aMacintosh (Computer)
942 _cEK
999 _c12495
_d12495